| 000 | 01114nam a22002657a 4500 | ||
|---|---|---|---|
| 001 | BD-DhSAU 9033 | ||
| 003 | BD-DhSAU | ||
| 005 | 20181220152332.0 | ||
| 008 | 150613b2006 bg a|||| m||| 00| 0 eng d | ||
| 040 | _aBD-DhSAU | ||
| 082 |
_222 _a635 _bM66 |
||
| 100 |
_aMina, Romana Afroz _eRegistration # 23860/00135 |
||
| 245 |
_aEffect of grafting on the growth and yield of tomato / _bMS thesis _c Romana Afroz mina |
||
| 260 |
_aSher-e-Bangla Agricultural University : _bDepartment of Horticulture & Postharvest Technology, _c2006. |
||
| 300 |
_axiii, 69 p. : _bill. ; _c30 cm. |
||
| 500 | _aMS thesis of Department of Horticulture & Postharvest Technology, Faculty of Agriculture, Sher-e-Bangla Agricultural University, Dhaka, Bangladesh | ||
| 504 | _aIncludes bibliographical reference. | ||
| 590 | _aJerin | ||
| 650 | _aHorticulture & Postharvest Technology | ||
| 650 | _a tomato | ||
| 700 |
_aIslam, Md. Nazrul _eSuperviser |
||
| 700 |
_aAkand, Md. Hasanuzzaman _eCo-superviser |
||
| 856 |
_y _uhttp://archive.saulibrary.edu.bd:8080/xmlui/handle/123456789/1062 |
||
| 942 |
_2ddc _cTHESIS |
||
| 999 |
_c9033 _d9033 |
||